Sola scriptura
Saved in:
| Main Authors: | , |
|---|---|
| Format: | Article (Journal) |
| Language: | English |
| Published: |
2013
|
| In: |
Lutherjahrbuch
Year: 2013, Volume: 80, Pages: 293-297 |
| ISSN: | 0342-0914 |
| Online Access: |
|
| Author Notes: | seminar leader: Friederike Nüssel; reporters: H. Ashley Hall and Friederike Nüssel |
MARC
| LEADER | 00000caa a2200000 c 4500 | ||
|---|---|---|---|
| 001 | 1507572425 | ||
| 003 | DE-627 | ||
| 005 | 20240705205746.0 | ||
| 007 | tu | ||
| 008 | 150722s2013 xx ||||| 00| ||eng c | ||
| 035 | |a (DE-627)1507572425 | ||
| 035 | |a (DE-576)437572420 | ||
| 035 | |a (DE-599)BSZ437572420 | ||
| 035 | |a (OCoLC)1340701850 | ||
| 040 | |a DE-627 |b ger |c DE-627 |e rakwb | ||
| 041 | |a eng | ||
| 084 | |a 12 |2 sdnb | ||
| 084 | |a 1 |2 ssgn | ||
| 100 | 1 | |a Hall, H. Ashley |0 (DE-588)1049332768 |0 (DE-627)781803446 |0 (DE-576)403316952 |4 aut | |
| 245 | 1 | 0 | |a Sola scriptura |c seminar leader: Friederike Nüssel; reporters: H. Ashley Hall and Friederike Nüssel |
| 264 | 1 | |c 2013 | |
| 300 | |a 5 | ||
| 336 | |a Text |b txt |2 rdacontent | ||
| 337 | |a ohne Hilfsmittel zu benutzen |b n |2 rdamedia | ||
| 338 | |a Band |b nc |2 rdacarrier | ||
| 700 | 1 | |a Nüssel, Friederike |d 1961- |0 (DE-588)114358869 |0 (DE-627)555534596 |0 (DE-576)175691460 |4 aut | |
| 773 | 0 | 8 | |i In |t Lutherjahrbuch |d Göttingen : Vandenhoeck & Ruprecht, 1920 |g 80(2013), Seite 293-297 |w (DE-627)129081256 |w (DE-600)3429-0 |w (DE-576)014414104 |x 0342-0914 |7 nnas |a Sola scriptura |
| 773 | 1 | 8 | |g volume:80 |g year:2013 |g pages:293-297 |g extent:5 |a Sola scriptura |
| 776 | 0 | 8 | |i Erscheint auch als |n Online-Ausgabe |a Hall, H. Ashley |t Sola scriptura |d 2013 |w (DE-627)1540294277 |w (DE-576)470294272 |
| 935 | |a DTH5 | ||
| 951 | |a AR | ||
| 992 | |a 20160603 | ||
| 993 | |a Article | ||
| 998 | |g 114358869 |a Nüssel, Friederike |m 114358869:Nüssel, Friederike |d 10000 |d 10400 |e 10000PN114358869 |e 10400PN114358869 |k 0/10000/ |k 1/10000/10400/ |p 2 |y j | ||
| 999 | |a KXP-PPN1507572425 |e 2927062722 | ||
| BIB | |a Y | ||
| SER | |a journal | ||
| JSO | |a {"person":[{"role":"aut","display":"Hall, H. Ashley","given":"H. Ashley","family":"Hall"},{"role":"aut","display":"Nüssel, Friederike","given":"Friederike","family":"Nüssel"}],"language":["eng"],"title":[{"title_sort":"Sola scriptura","title":"Sola scriptura"}],"name":{"displayForm":["seminar leader: Friederike Nüssel; reporters: H. Ashley Hall and Friederike Nüssel"]},"physDesc":[{"extent":"5 S."}],"origin":[{"dateIssuedKey":"2013","dateIssuedDisp":"2013"}],"relHost":[{"origin":[{"dateIssuedKey":"1920","dateIssuedDisp":"1920-","publisherPlace":"Göttingen ; Leipzig ; Weimar ; Berlin","publisher":"Vandenhoeck & Ruprecht ; Breitkopf & Härtel ; Böhlau ; Lutherisches Verl.-Haus"}],"titleAlt":[{"title":"Jahrbuch der Luther-Gesellschaft"},{"title":"Luther-Jahrbuch"},{"title":"Jahrbuch der Luther-Gesellschaft"}],"type":{"bibl":"periodical"},"note":["Repr.: Amsterdam : Benjamins","Hrsg. früher: Franz Lau"],"disp":"Sola scripturaLutherjahrbuch","language":["ger"],"title":[{"title_sort":"Lutherjahrbuch","title":"Lutherjahrbuch","subtitle":"Organ der internationalen Lutherforschung"}],"name":{"displayForm":["im Auftrag der Luther-Gesellschaft hrsg."]},"recId":"129081256","corporate":[{"display":"Luther-Gesellschaft","role":"isb"}],"part":{"pages":"293-297","year":"2013","extent":"5","volume":"80","text":"80(2013), Seite 293-297"},"pubHistory":["1.1919(1920) - 23.1941(1942); 24.1957(1956) -"],"id":{"issn":["0342-0914"],"eki":["129081256"],"zdb":["3429-0"]}}],"type":{"bibl":"article-journal"},"id":{"eki":["1507572425"]},"recId":"1507572425"} | ||
| SRT | |a HALLHASHLESOLASCRIPT2013 | ||